| Tag |
First Indicator |
Second Indicator |
Subfields |
| LEADER |
00000cam a2200000 a 4500 |
| 001 |
in00000573421 |
| 005 |
20231201091328.0 |
| 008 |
900113s1978 ii a b 000 0 eng |
| 010 |
|
|
|a 82903103
|
| 019 |
|
|
|a 8135107
|
| 035 |
|
|
|a (OCoLC)ocm20997482
|
| 035 |
|
|
|a (OCoLC)20997482
|z (OCoLC)8135107
|
| 035 |
|
|
|a (OCoLC)ocm20997482
|
| 040 |
|
|
|a DLC
|b eng
|c DLC
|d BTCTA
|d TVA
|d AGL
|d YUS
|d OCLCO
|d OCLCF
|d OCLCQ
|d GZM
|d OCL
|d OCLCO
|
| 043 |
|
|
|a a-ii---
|
| 050 |
0 |
0 |
|a HD5820.S68
|b G46 1978
|
| 070 |
0 |
|
|a SB111.A2P75
|b no.1
|
| 072 |
|
0 |
|a A000
|
| 082 |
0 |
0 |
|a 331.11/0954/8
|2 20
|
| 100 |
1 |
|
|a Ghodake, R. D.
|
| 245 |
1 |
0 |
|a Human labor use in existing and prospective technologies of the semi-arid tropics of peninsular India /
|c R.D. Ghodake, James G. Ryan, Rakesh Sarin.
|
| 260 |
|
|
|a Hyderabad, India :
|b International Crops Research Institute for the Semi-Arid Tropics,
|c 1978.
|
| 300 |
|
|
|a 65, iv pages :
|b illustrations ;
|c 29 cm.
|
| 336 |
|
|
|a text
|b txt
|2 rdacontent
|
| 337 |
|
|
|a unmediated
|b n
|2 rdamedia
|
| 338 |
|
|
|a volume
|b nc
|2 rdacarrier
|
| 490 |
1 |
|
|a Economics program. Progress report ;
|v 1
|
| 490 |
1 |
|
|a Village level studies series ;
|v 1.3
|
| 500 |
|
|
|a Cover title.
|
| 504 |
|
|
|a Includes bibliographical references (pages 1-iv).
|
| 650 |
|
0 |
|a Labor supply
|x Effect of technological innovations on
|z India, South.
|
| 650 |
|
0 |
|a Agricultural laborers
|z India, South.
|
| 650 |
|
0 |
|a Farms, Size of
|z India, South.
|
| 650 |
|
6 |
|a Marché du travail
|x Effets des innovations sur
|z Inde (Sud)
|
| 650 |
|
6 |
|a Travailleurs agricoles
|z Inde (Sud)
|
| 650 |
|
6 |
|a Exploitations agricoles
|x Dimension
|z Inde (Sud)
|
| 650 |
|
7 |
|a Agricultural laborers.
|2 fast
|0 (OCoLC)fst00800949
|
| 650 |
|
7 |
|a Farms, Size of.
|2 fast
|0 (OCoLC)fst00921481
|
| 650 |
|
7 |
|a Labor supply
|x Effect of technological innovations on.
|2 fast
|0 (OCoLC)fst00990189
|
| 651 |
|
7 |
|a South India.
|2 fast
|0 (OCoLC)fst01692635
|
| 650 |
|
7 |
|a Labor and laborers, Agricultural
|z India.
|2 ltcsh
|
| 700 |
1 |
|
|a Ryan, James G.
|
| 700 |
1 |
|
|a Sarin, Rakesh.
|
| 830 |
|
0 |
|a Economics program.
|p Progress report ;
|v 1.
|
| 830 |
|
0 |
|a Village level studies series ;
|v 1.3.
|
| 938 |
|
|
|a Baker and Taylor
|b BTCP
|n 82903103 //r93
|
| 948 |
|
|
|h HELD BY TXA - 14 OTHER HOLDINGS
|
| 994 |
|
|
|a Z0
|b TXA
|
| 999 |
f |
f |
|s 1b4d7c57-6f0c-3e57-bf3f-216d762de43a
|i 5acd9852-61bd-3ede-950e-0304f3226307
|t 0
|
| 952 |
f |
f |
|p ric
|a Texas A&M University
|b Rellis Campus
|c Joint Library Facility
|d Remote Storage
|t 0
|e HD1537.I4 G45 1978
|h Library of Congress classification
|i unmediated -- volume
|m A14808509699
|
| 998 |
f |
f |
|a HD1537.I4 G45 1978
|t 0
|l Remote Storage
|